000 00606nam a22002297a 4500
003 UA-OsUOA
001 89308
007 ta
008 20121105b un ||||| |||| 00| 0 ukr d
100 _aДмитренко Л.
090 _a821.161.2
_bД53
942 _cBK
040 _aUA-OsUOA
_bukr
_cUA-OsUOA
_dUA-OsUOA
245 _aДраматичні твори
300 _a561 с.
955 _a3
041 _aukr
080 _a821.161.2
260 _aК.
_bХудож. літератури
_c1958
650 7 _a82 Література. Літературознавство
_2UDC
999 _c375586
_d375586